|
|
|
|
| LEADER |
01038nam a22002657a 4500 |
| 001 |
AAL1512 |
| 003 |
BD-DhAAL |
| 005 |
20160427114437.0 |
| 008 |
160427s 1995us a|||| |||| 00| 0 eng d |
| 020 |
|
|
|a Microsoft Works.
|
| 040 |
|
|
|a BD-DhAAL
|c BD-DhAAL
|
| 082 |
|
|
|a 005.369
|
| 100 |
|
|
|a Erickson, Fritz J
|9 19313
|
| 245 |
|
|
|a Computers :
|b concepts, implications, and applications with Microsoft Works 3.0 for Windows /
|c Fritz J Erickson and John A Vonk
|
| 260 |
|
|
|a Dubuque, IA :
|b Business and Educational Technologies,
|c 1995.
|
| 300 |
|
|
|a xi, 239, 459 p. :
|b ill. (some color) ;
|c 28 cm
|
| 541 |
|
|
|e 1512
|
| 650 |
|
|
|a Microsoft Works.
|9 19314
|
| 650 |
|
|
|a Microsoft Windows (Computer file)
|9 19315
|
| 650 |
|
|
|a Integrated software.
|9 19316
|
| 700 |
|
|
|a Vonk, John A
|9 19317
|
| 852 |
|
|
|a Savar Campus Library
|c General Shelf
|
| 942 |
|
|
|2 ddc
|c BK
|
| 999 |
|
|
|c 37497
|d 37497
|
| 952 |
|
|
|0 0
|1 0
|2 ddc
|4 0
|6 005_369000000000000_COM
|7 0
|9 58872
|a SCL
|b SCL
|c GEN
|d 2016-04-27
|l 2
|m 1
|o 005.369 COM
|p 3020001512
|r 2023-11-14
|s 2023-11-07
|t 1
|w 2016-04-27
|y BK
|